David Copperfield Franchise - Statistics

General Stats
  • This quiz has been taken 9 times
  • The average score is 14 of 17
Answer Stats
Type Year Name Info % Correct
Novel 1849-1850 David Copperfield Charles Dickens
100%
Short Film 1911 David Copperfield Thanhouser Film Corporation
100%
Film 1913 David Copperfield Walturdaw
100%
Film 1922 David Copperfield Nordisk Film / UFA
100%
Film 1935 David Copperfield MGM / Loew's Inc.
100%
TV Mini-Series 1956 David Copperfield BBC 1
100%
TV Mini-Series 1966 David Copperfield BBC 1
100%
TV Film 1969 David Copperfield NBC
100%
TV Mini-Series 1974 David Copperfield BBC 1
100%
Film 1983 David Copperfield Burbank Films
100%
TV Mini-Series 1986 David Copperfield BBC 1
100%
TV Film 1993 David Copperfield NBC
100%
TV Film 1999 David Copperfield BBC 1
100%
TV Film 2000 David Copperfield Hallmark
100%
Musical 1981 Copperfield Al Kasha / Joel Hirschhorn
40%
TV Show 2001 Micawber ITV
0%
Film 2019 The Personal History of David Copperfield Lionsgate / Searchlight Pictures
0%
No matching quizzes found
Score Distribution
Percent of People with Each Score
Percentile by Number Answered
Your Score History
You have not taken this quiz